| 000 | 00687nam a2200205 a 4500 | ||
|---|---|---|---|
| 001 | 000036659 | ||
| 005 | 20200930075846.0 | ||
| 008 | 120124s1996 sp 000 0 spa d | ||
| 040 |
_aDO-SdBNP _bspa _cBNPHU |
||
| 100 | 1 |
_aSternberg, Robert J. _962936 |
|
| 240 | 1 | 0 |
_aTeaching for thinking _lespañol |
| 245 | 1 | 0 |
_aEnseñar a pensar / _cRobert J. Sternberg y Louise Spear- Swerling ; traducción Rafael Llavori de Micheo. |
| 260 |
_aMadrid : _bSantillana, _c1996. |
||
| 300 |
_a145 p. ; _c23 cm. |
||
| 490 | 1 | _aAula XXI | |
| 504 | _aBibliografía : p. 141-144 | ||
| 700 | 1 | 2 |
_aSpear-Swerling, Louise _962937 |
| 700 | 1 | 2 |
_aLlavori de Micheo, Rafael _etr. _962938 |
| 830 | 0 |
_aAula XXI _97632 |
|
| 999 |
_c36150 _d36150 |
||